Wi-Fi : Instalación, Seguridad y aplicaciones
| Main Author: | |
|---|---|
| Format: | Section = Libro |
| Language: | Undetermined Spanish |
| Published: |
México
Alfaomega
2007
|
| Subjects: |
| LEADER | 00626nam a2200217Ia 4500 | ||
|---|---|---|---|
| 008 | 240830s9999 xx 000 0 und d | ||
| 020 | |a 978-970-15-1292-0 | ||
| 040 | |a B-ESTELÍ- RUACS / 384.5 C263 | ||
| 041 | |a spa | ||
| 082 | |a 384.5 C263 | ||
| 100 | 1 | |a Carballar, José A | |
| 245 | 1 | 0 | |a Wi-Fi : Instalación, Seguridad y aplicaciones |
| 260 | |a México |b Alfaomega |c 2007 | ||
| 300 | |a 364 p. :il | ||
| 650 | 7 | |a COMUNICACIÓN INALAMBRICA - REDES | |
| 650 | 7 | |b REDES - INALAMBRICA LOCAL | |
| 650 | 7 | |c REDES - INALAMBRICA APLICACIONES | |
| 650 | 7 | |d REDE WI-FI INTERNET. | |
| 942 | |c BK |2 ddc | ||
| 991 | |a TEXTO | ||
| 999 | |c 10851 | ||